000 00206nam a22000977a 4500
999 _c15809
_d15809
003 OSt
008 191021b ||||| |||| 00| 0 eng d
100 _aThomas, C J.
_94324
245 _aLenis skate
942 _cBK